Music Quiz

Random Music Quiz

Too Many Grammys Quiz Stats

Quiz not verified by Sporcle

Challenge
Share
Tweet
Embed
Score 0/26 Timer 05:00
0 Plays Today
Grammys - Year Artist % Correct
8 - 1984Michael Jackson
97.4%
5 - 2017Adele
96.8%
6 - 2010Beyoncé
75.1%
5 - 2004Beyoncé
75.1%
5 - 1971Simon & Garfunkel
63.5%
6 - 2012Adele
60.7%
5 - 2006U2
57.1%
5 - 2016Kendrick Lamar
52.5%
5 - 1999Lauryn Hill
50.1%
8 - 2000Santana
49.5%
5 - 2008Amy Winehouse
47.2%
5 - 2003Norah Jones
47%
6 - 1991Quincy Jones
41%
Grammys - Year Artist % Correct
5 - 1982Quincy Jones
41%
6 - 1993Eric Clapton
40.3%
5 - 2002Alicia Keys
38.7%
5 - 2014Daft Punk
37.5%
5 - 2011Lady Antebellum
36%
5 - 2005Ray Charles
26.8%
5 - 2009Robert Plant & Alison Krauss
24.9%
5 - 2007Dixie Chicks
18.3%
5 - 1983Toto
18%
5 - 2012Foo Fighters
16.3%
5 - 1981Christopher Cross
13.5%
6 - 1965Roger Miller
7.3%
5 - 1964Roger Miller
7.3%

You're not logged in!

Compare scores with friends on all Sporcle quizzes.
Join for Free
OR
Log In

You Might Also Like...

Show Comments

Extras

Top Quizzes Today


Score Distribution

Your Account Isn't Verified!

In order to create a playlist on Sporcle, you need to verify the email address you used during registration. Go to your Sporcle Settings to finish the process.

Report this User

Report this user for behavior that violates our Community Guidelines.

Details: